Handbuch der österreichischen directen steuern in systematischer Darstellung (Record no. 23609)

MARC details
000 -LEADER
fixed length control field 00833cam a22002291 4500
001 - CONTROL NUMBER
control field g 01000972
003 - CONTROL NUMBER IDENTIFIER
control field DLC
005 - DATE AND TIME OF LATEST TRANSACTION
control field 20260227111253.0
008 - FIXED-LENGTH DATA ELEMENTS--GENERAL INFORMATION
fixed length control field 850708s1899 au 000 0 ger
010 ## - LIBRARY OF CONGRESS CONTROL NUMBER
LC control number g 01000972
035 ## - SYSTEM CONTROL NUMBER
System control number (OCoLC)12241444
040 ## - CATALOGING SOURCE
Original cataloging agency DLC
Transcribing agency TxHR
Modifying agency DLC
042 ## - AUTHENTICATION CODE
Authentication code premarc
050 00 - LIBRARY OF CONGRESS CALL NUMBER
Classification number HJ3971
Item number .F9
100 1# - MAIN ENTRY--PERSONAL NAME
Personal name Freiberger, Gustav.
245 10 - TITLE STATEMENT
Title Handbuch der österreichischen directen steuern in systematischer Darstellung
Remainder of title (unter vergleichender Rücksichtnahme auf die ausländische Gesetzgebung)
Statement of responsibility, etc. von Gustav Freiburger.
250 ## - EDITION STATEMENT
Edition statement 2., vollständig neubearb. Aufl.
260 ## - PUBLICATION, DISTRIBUTION, ETC.
Place of publication, distribution, etc. Wien,
Name of publisher, distributor, etc. Manz'sche K. u. k. Hoffverlags und Universitäts-Buchhandlung,
Date of publication, distribution, etc. 1899.
300 ## - PHYSICAL DESCRIPTION
Extent xvii, 664 p.
Dimensions 23 cm.
650 #0 - SUBJECT ADDED ENTRY--TOPICAL TERM
Topical term or geographic name entry element Taxation
General subdivision Law and legislation
Geographic subdivision Austria.
650 #0 - SUBJECT ADDED ENTRY--TOPICAL TERM
Topical term or geographic name entry element Taxation
General subdivision Law and legislation.

No items available.

Powered by Koha